Vincitori Onze d'or - Statistics

Statistiche generali
  • Questo quiz è stato fatto 10 volte
  • Il punteggio medio è 35 su 47
Statistiche sulle risposte
Edizione Nazione Squadra Calciatore % Corretto
2011 Argentina Barcellona BandLionel Messi
100%
2008 Portogallo Manchester United Cristiano Ronaldo
100%
2017 Portogallo Real Madrid Cristiano Ronaldo
100%
1986 Argentina Napoli Diego Armando Maradona
100%
1987 Argentina Napoli Diego Armando Maradona
100%
2006 Francia Arsenal Francia Thierry Henry
100%
1995 Liberia Milan George Weah
100%
2009 Argentina Barcellona Lionel Messi
100%
2018 Argentina Barcellona Lionel Messi
100%
1990 Germania Ovest Inter Lothar Matthäus
100%
1988 Paesi Bassi Milan Marco van Basten
100%
1989 Paesi Bassi Milan Marco van Basten
100%
1983 Francia Juventus Michel Platini
100%
1984 Francia Juventus Michel Platini
100%
1985 Francia Juventus Michel Platini
100%
1997 Brasile Inter Ronaldo
100%
2002 Brasile Real Madrid Ronaldo
100%
2003 Francia Arsenal Thierry Henry
100%
1998 Francia Juventus Zinédine Zidane
100%
2000 Francia Juventus Zinédine Zidane
100%
2001 Francia Real Madrid Zinédine Zidane
100%
2015 Francia Atlético Madrid Antoine Griezmann
89%
2007 Brasile Milan Brasile Kaká
89%
2005 Brasile Barcellona Brasile Ronaldinho
89%
1996 Francia Manchester United Éric Cantona
89%
1991 Francia Olympique Marsiglia Jean Pierre Papin
89%
2021 Francia Real Madrid Karim Benzema
89%
2022 Francia Real Madrid Karim Benzema
89%
1999 Brasile Barcellona Rivaldo
89%
2019 Senegal Liverpool Sadio Mané
89%
2004 Costa d'Avorio Chelsea Costa d'Avorio Didier Drogba
78%
1992 Bulgaria Barcellona Hristo Stoičkov
78%
1982 Italia Juventus Paolo Rossi
78%
1993 Italia Juventus Roberto Baggio
78%
1994 Brasile Barcellona Romário
67%
1978 Argentina Valencia Mario Kempes
44%
1980 Germania Ovest Bayern Monaco Karl-Heinz Rummenigge
33%
1981 Germania Ovest Bayern Monaco Karl-Heinz Rummenigge
33%
1977 Inghilterra Amburgo Kevin Keegan
33%
1979 Inghilterra Amburgo Kevin Keegan
33%
1976 Paesi Bassi Anderlecht Robert Rensenbrink
22%
2012 Argentina Barcellona Lionel Messi ( Barcellona)
0%
2010 Non assegnato
0%
2013 Non assegnato
0%
2014 Non assegnato
0%
2016 Non assegnato
0%
2020 Non assegnato
0%
Nessun quiz corrispondente trovato
Distribuzione punteggi
Percentuale di utenti per punteggio
Percentile per numero di risposta
I tuoi punteggi nel tempo
Non hai fatto questo quiz